<?xml version="1.0" encoding="UTF-8"?>
<record
    xmlns:xsi="http://www.w3.org/2001/XMLSchema-instance"
    xsi:schemaLocation="http://www.loc.gov/MARC21/slim http://www.loc.gov/standards/marcxml/schema/MARC21slim.xsd"
    xmlns="http://www.loc.gov/MARC21/slim">

  <leader>05163njm a2200637Ia 4500</leader>
  <controlfield tag="001">40425</controlfield>
  <controlfield tag="003">IT-RoPAU</controlfield>
  <controlfield tag="005">20220918181130.0</controlfield>
  <controlfield tag="008">131025s9999    xx            000 0 und d</controlfield>
  <datafield tag="040" ind1=" " ind2=" ">
    <subfield code="a">IT-RoPAU</subfield>
  </datafield>
  <datafield tag="040" ind1=" " ind2=" ">
    <subfield code="c">IT-RoPAU</subfield>
  </datafield>
  <datafield tag="999" ind1=" " ind2=" ">
    <subfield code="c">100489</subfield>
    <subfield code="d">100489</subfield>
  </datafield>
  <datafield tag="999" ind1=" " ind2=" ">
    <subfield code="b">n.d.</subfield>
  </datafield>
  <datafield tag="100" ind1=" " ind2=" ">
    <subfield code="a">AA.VV.</subfield>
    <subfield code="9">794</subfield>
  </datafield>
  <datafield tag="100" ind1=" " ind2=" ">
    <subfield code="e">Autore musica</subfield>
    <subfield code="9">21224</subfield>
  </datafield>
  <datafield tag="100" ind1=" " ind2=" ">
    <subfield code="g">Codice autore musica SPICS: 12000</subfield>
    <subfield code="9">796</subfield>
  </datafield>
  <datafield tag="245" ind1=" " ind2=" ">
    <subfield code="a">Jazz. Gli uomini, gli strumenti, gli stili 19</subfield>
  </datafield>
  <datafield tag="250" ind1=" " ind2=" ">
    <subfield code="a">2a ed.</subfield>
  </datafield>
  <datafield tag="260" ind1=" " ind2=" ">
    <subfield code="a">MILANO</subfield>
  </datafield>
  <datafield tag="260" ind1=" " ind2=" ">
    <subfield code="b">FRATELLI FABBRI EDITORI</subfield>
    <subfield code="c">1986 [1a Ed.:1986]</subfield>
  </datafield>
  <datafield tag="300" ind1=" " ind2=" ">
    <subfield code="a">MUSICASSETTA</subfield>
  </datafield>
  <datafield tag="300" ind1=" " ind2=" ">
    <subfield code="c">38 minuti (Testo:  pag.)</subfield>
  </datafield>
  <datafield tag="500" ind1=" " ind2=" ">
    <subfield code="a">Musica jazz</subfield>
  </datafield>
  <datafield tag="505" ind1=" " ind2=" ">
    <subfield code="a">Cow Cow Boogie [(New York, 3.11.1943) (3:00)] - Flying Home [(New York, 4.10.1945) (3:00)] - Sentimental Journey [(New York, 24.1.1947) (4:00)] - It's Too Soon To Know [(New York, 20.8.1948) (2:00)] - Basin Street Blues [(New York, 20.9.1949) (4:00)] - I'm Waiting For the Junkman [(New York, 20.9.1949) (4:00)] - Sugarfoot [(New York, 6.3.1950) (3:00)] - Someone To Watch Over Me [(New York, 11.9.1950) (4:00)] - My One and Only Love [(New York, 11.9.1950) (4:00)] - I'm Just A Lucky So and So [(New York, 21.2.1946) (3:00)] - I Didn't Mean A Word I Said [(New York, 21.2.1946) (4:00)]</subfield>
  </datafield>
  <datafield tag="511" ind1=" " ind2=" ">
    <subfield code="a">McGhee John: tr; Doggett Bill: p; Mackay Bernie: chit; Haggart Bob: cb; Blowers Johnny: batt; The Ink Spots: gruppo voc; Fitzgerald Ella: voc; Ella Fitzgerald and Her Orchestra</subfield>
  </datafield>
  <datafield tag="511" ind1=" " ind2=" ">
    <subfield code="a">Mussilo Ralph: tr; Genduso Charles: tr; Ruggiero Luis: tr; Pritchard William: tbne; Kaufman Bennie: sax; Cooper Sid: sax; Rubin Sid: sax; Feldman Harry: sax; Wechsler Moe: p; White Hy: chit; Giobbe Felix: cb; Gluger Irv: batt; Fitzgerald Ella: voc; Ella Fitzgerald with Vic Schoen and His Orchestra</subfield>
  </datafield>
  <datafield tag="511" ind1=" " ind2=" ">
    <subfield code="a">Graham Leonard: tr; King Al: tbne; Powell Jimmy: alto; Heywood Eddie: p; Taylor Billy: cb; Purnell William: batt; Fitzgerald Ella: voc; Ella Fitzgerald with Eddie Heywood and His Orchestra</subfield>
  </datafield>
  <datafield tag="511" ind1=" " ind2=" ">
    <subfield code="a">Fitzgerald Ella: voc; accompagnata da un gruppo comprendente tra gli altri Jacquet Illinois: ten. </subfield>
  </datafield>
  <datafield tag="511" ind1=" " ind2=" ">
    <subfield code="a">Formazione orchestra incerta comprendente Previn Bernie: tr; Chambers Henderson: tbne; Kyle Billy: p; Oliver Sy: arr; Fitzgerald Ella: voc; Ella Fitzgerald with Sy Oliver and His Orchestra</subfield>
  </datafield>
  <datafield tag="511" ind1=" " ind2=" ">
    <subfield code="a">Previn Bernie: tr; Faso Tony: tr; Webster Paul: tr; Chambers Henderson: tbne; Yaner Milt: sax; Cooper Sid: sax; Jerome Jerry: sax; Klink Al: sax; Jones Hank: p; Barksdale Everett: cb; Brown Ray: cb; Crawford Jimmy: batt; Fitzgerald Ella: voc; Ella Fitzgerald with Sy Oliver and His Orchestra</subfield>
  </datafield>
  <datafield tag="511" ind1=" " ind2=" ">
    <subfield code="a">Larkins Ellis: p; Fitzgerald Ella: voc; Ella Fitzgerald with Ellis Larkins</subfield>
  </datafield>
  <datafield tag="511" ind1=" " ind2=" ">
    <subfield code="a">Kyle Billy: p; Shirley Jimmy: chit; Raglin Junior: cb; Payne Sylvester: batt; Fitzgerald Ella: voc; Ella Fitzgerald with Billy Kyle and His Trio</subfield>
  </datafield>
  <datafield tag="650" ind1=" " ind2=" ">
    <subfield code="a">JAZZ [CASSETTE]</subfield>
    <subfield code="e">Codice MATERIA SPICS: 9951</subfield>
    <subfield code="9">1831</subfield>
  </datafield>
  <datafield tag="700" ind1=" " ind2=" ">
    <subfield code="a">Fitzgerald Ella</subfield>
    <subfield code="d">Codice interprete SPICS: 10784</subfield>
    <subfield code="e">Interprete</subfield>
    <subfield code="9">21225</subfield>
  </datafield>
  <datafield tag="700" ind1=" " ind2=" ">
    <subfield code="a">Raye Don</subfield>
    <subfield code="d">Codice autore musica SPICS: 20467</subfield>
    <subfield code="e">Autore musica</subfield>
    <subfield code="p">Cow Cow Boogie</subfield>
    <subfield code="9">21226</subfield>
  </datafield>
  <datafield tag="700" ind1=" " ind2=" ">
    <subfield code="a">De Paul G.</subfield>
    <subfield code="d">Codice autore SPICS: 20243</subfield>
    <subfield code="e">Autore</subfield>
    <subfield code="p">Cow Cow Boogie</subfield>
    <subfield code="9">21227</subfield>
  </datafield>
  <datafield tag="700" ind1=" " ind2=" ">
    <subfield code="a">Carter Benny</subfield>
    <subfield code="d">Codice autore testo/musica SPICS: 10774</subfield>
    <subfield code="e">Autore testo/musica</subfield>
    <subfield code="p">Cow Cow Boogie</subfield>
    <subfield code="9">21228</subfield>
  </datafield>
  <datafield tag="700" ind1=" " ind2=" ">
    <subfield code="a">Goodman Benny</subfield>
    <subfield code="d">Codice autore musica SPICS: 10538</subfield>
    <subfield code="e">Autore musica</subfield>
    <subfield code="p">Flying Home</subfield>
    <subfield code="9">21229</subfield>
  </datafield>
  <datafield tag="700" ind1=" " ind2=" ">
    <subfield code="a">Hampton Lionel</subfield>
    <subfield code="d">Codice autore SPICS: 10771</subfield>
    <subfield code="e">Autore</subfield>
    <subfield code="p">Flying Home</subfield>
    <subfield code="9">21230</subfield>
  </datafield>
  <datafield tag="700" ind1=" " ind2=" ">
    <subfield code="a">Robin Leo</subfield>
    <subfield code="d">Codice autore testo/musica SPICS: 20175</subfield>
    <subfield code="e">Autore testo/musica</subfield>
    <subfield code="p">Flying Home</subfield>
    <subfield code="9">21231</subfield>
  </datafield>
  <datafield tag="700" ind1=" " ind2=" ">
    <subfield code="a">Green Bernie</subfield>
    <subfield code="d">Codice autore musica SPICS: 15839</subfield>
    <subfield code="e">Autore musica</subfield>
    <subfield code="p">Sentimental Journey</subfield>
    <subfield code="9">21232</subfield>
  </datafield>
  <datafield tag="700" ind1=" " ind2=" ">
    <subfield code="a">Brown</subfield>
    <subfield code="d">Codice autore SPICS: 20445</subfield>
    <subfield code="e">Autore</subfield>
    <subfield code="p">Sentimental Journey</subfield>
    <subfield code="9">21233</subfield>
  </datafield>
  <datafield tag="700" ind1=" " ind2=" ">
    <subfield code="a">Homer</subfield>
    <subfield code="d">Codice autore testo/musica SPICS: 20468</subfield>
    <subfield code="e">Autore testo/musica</subfield>
    <subfield code="p">Sentimental Journey</subfield>
    <subfield code="9">21234</subfield>
  </datafield>
  <datafield tag="700" ind1=" " ind2=" ">
    <subfield code="a">Pits</subfield>
    <subfield code="d">Codice autore musica SPICS: 20469</subfield>
    <subfield code="e">Autore musica</subfield>
    <subfield code="p">It's Too Soon To Know</subfield>
    <subfield code="9">21235</subfield>
  </datafield>
  <datafield tag="700" ind1=" " ind2=" ">
    <subfield code="a">Egan</subfield>
    <subfield code="d">Codice autore SPICS: 16002</subfield>
    <subfield code="e">Autore</subfield>
    <subfield code="p">It's Too Soon To Know</subfield>
    <subfield code="9">21236</subfield>
  </datafield>
  <datafield tag="700" ind1=" " ind2=" ">
    <subfield code="a">Whiteman</subfield>
    <subfield code="d">Codice autore testo/musica SPICS: 20470</subfield>
    <subfield code="e">Autore testo/musica</subfield>
    <subfield code="p">It's Too Soon To Know</subfield>
    <subfield code="9">21237</subfield>
  </datafield>
  <datafield tag="700" ind1=" " ind2=" ">
    <subfield code="a">Williams</subfield>
    <subfield code="d">Codice autore musica SPICS: 20150</subfield>
    <subfield code="e">Autore musica</subfield>
    <subfield code="p">Basin Street Blues</subfield>
    <subfield code="9">21238</subfield>
  </datafield>
  <datafield tag="700" ind1=" " ind2=" ">
    <subfield code="a">Demetrius</subfield>
    <subfield code="d">Codice autore musica SPICS: 20471</subfield>
    <subfield code="e">Autore musica</subfield>
    <subfield code="p">I'm Waiting For the Junkman</subfield>
    <subfield code="9">21239</subfield>
  </datafield>
  <datafield tag="700" ind1=" " ind2=" ">
    <subfield code="a">Garland Joe</subfield>
    <subfield code="d">Codice autore musica SPICS: 14425</subfield>
    <subfield code="e">Autore musica</subfield>
    <subfield code="p">Sugarfoot</subfield>
    <subfield code="9">21240</subfield>
  </datafield>
  <datafield tag="700" ind1=" " ind2=" ">
    <subfield code="a">Vaughn Billy</subfield>
    <subfield code="d">Codice autore SPICS: 15844</subfield>
    <subfield code="e">Autore</subfield>
    <subfield code="p">Sugarfoot</subfield>
    <subfield code="9">21241</subfield>
  </datafield>
  <datafield tag="700" ind1=" " ind2=" ">
    <subfield code="a">Gershwin Ira</subfield>
    <subfield code="d">Codice autore musica SPICS: 10501</subfield>
    <subfield code="e">Autore musica</subfield>
    <subfield code="p">Someone To Watch Over Me</subfield>
    <subfield code="9">21242</subfield>
  </datafield>
  <datafield tag="700" ind1=" " ind2=" ">
    <subfield code="a">Gershwin George</subfield>
    <subfield code="d">Codice autore SPICS: 10668</subfield>
    <subfield code="e">Autore</subfield>
    <subfield code="p">Someone To Watch Over Me - My One and Only Love</subfield>
    <subfield code="9">21243</subfield>
  </datafield>
  <datafield tag="700" ind1=" " ind2=" ">
    <subfield code="a">Ellington Duke</subfield>
    <subfield code="d">Codice autore musica SPICS: 13023</subfield>
    <subfield code="e">Autore musica</subfield>
    <subfield code="p">I'm Just A Lucky So and So</subfield>
    <subfield code="9">21244</subfield>
  </datafield>
  <datafield tag="700" ind1=" " ind2=" ">
    <subfield code="a">McHugh Jimmy</subfield>
    <subfield code="d">Codice autore musica SPICS: 16297</subfield>
    <subfield code="e">Autore musica</subfield>
    <subfield code="p">I Didn't Mean A Word I Said</subfield>
    <subfield code="9">21245</subfield>
  </datafield>
  <datafield tag="700" ind1=" " ind2=" ">
    <subfield code="a">Adamson</subfield>
    <subfield code="d">Codice autore SPICS: 20472</subfield>
    <subfield code="e">Autore</subfield>
    <subfield code="p">I Didn't Mean A Word I Said</subfield>
    <subfield code="9">21246</subfield>
  </datafield>
  <datafield tag="942" ind1=" " ind2=" ">
    <subfield code="c">MC</subfield>
    <subfield code="2">ddc</subfield>
  </datafield>
  <datafield tag="952" ind1=" " ind2=" ">
    <subfield code="0">0</subfield>
    <subfield code="1">0</subfield>
    <subfield code="4">0</subfield>
    <subfield code="6">40425_000000000000000</subfield>
    <subfield code="7">1</subfield>
    <subfield code="a">SPICS</subfield>
    <subfield code="b">SPICS</subfield>
    <subfield code="d">2013-10-25</subfield>
    <subfield code="l">0</subfield>
    <subfield code="o">40425</subfield>
    <subfield code="r">2013-10-25 00:00:00</subfield>
    <subfield code="w">2013-10-25</subfield>
    <subfield code="y">MC</subfield>
    <subfield code="z">Progr. Ins.: 14222 / N.Vol.: 1 / Copie: 1 - Copia rara: n.d. / date import: 01.01.2014 - By Epidotti, Trombetti, Vaglietti</subfield>
  </datafield>
</record>
